| 000 | 00304nam a2200085Ia 4500 | ||
|---|---|---|---|
| 245 | 0 | _aJordaan & Stelzner labour arbitration : with a commentary on the CCMA rules | |
| 100 |
_a JORDAAN, Barney Cape Town, South Africa, 2011 2nd ed _934086 |
||
| 942 | _cBK | ||
| 008 | 210817s9999 xx 000 0 und d | ||
| 999 |
_c320093 _d320092 |
||